| 000 | 00353nam a2200145Ia 4500 | ||
|---|---|---|---|
| 008 | 240624s9999 xx 000 0 und d | ||
| 041 | _aeng | ||
| 082 | _a343.04 RAF | ||
| 100 | _aRAFI MOHD | ||
| 245 | _aINDIRECT TAXES | ||
| 250 | _a(5th ed.) | ||
| 260 |
_c2011 _aNew Delhi _bBharat Law House Pvt. Ltd. |
||
| 300 | _a698 : p. : cm. ; 27 | ||
| 365 | _cRS | ||
| 999 |
_c21176 _d21176 |
||